Southville International School and Colleges
Your cart is empty.
  • Cart
  • Lists
    Public lists Eva Luna New books Lux_list list_1
    Your lists Log in to create your own lists
  • Log in to your account
  • Your cookies
  • Search history
Southville International School and Colleges
  • Advanced search
  • Recent comments
  • Most popular
  • Libraries

Log in to your account

Log in with GOOGLE


If you do not have an external account, but do have a local account, you can still log in:

  1. Home
  2. MARC view: Sons & Daughters of God
Normal view MARC view ISBD view

Sons & Daughters of God (Record no. 16516)

[ view plain ]
MARC details
000 -LEADER
fixed length control field 00501nam a22002057a 4500
003 - CONTROL NUMBER IDENTIFIER
control field OSt
005 - DATE AND TIME OF LATEST TRANSACTION
control field 20140310182827.0
008 - FIXED-LENGTH DATA ELEMENTS--GENERAL INFORMATION
fixed length control field 130529t xxu||||| |||| 00| 0 eng d
020 ## - INTERNATIONAL STANDARD BOOK NUMBER
International Standard Book Number 0892830972
050 ## - LIBRARY OF CONGRESS CALL NUMBER
Classification number BJ 98
Item number .W746 1981
082 ## - DEWEY DECIMAL CLASSIFICATION NUMBER
Classification number M 248.4
Item number W69 1981
245 ## - TITLE STATEMENT
Title Sons & Daughters of God
Statement of responsibility, etc Wilson, Ken
260 ## - PUBLICATION, DISTRIBUTION, ETC. (IMPRINT)
Place of publication, distribution, etc Michigan
Name of publisher, distributor, etc Servant Books
Date of publication, distribution, etc 1981
300 ## - PHYSICAL DESCRIPTION
Extent 75 p.
Dimensions 17 cm
521 ## - TARGET AUDIENCE NOTE
Target audience note
526 ## - STUDY PROGRAM INFORMATION NOTE
Reading level 1210L-1700L
541 ## - IMMEDIATE SOURCE OF ACQUISITION NOTE
-- 1
562 ## - COPY AND VERSION IDENTIFICATION NOTE
Number of copies 1
942 ## - ADDED ENTRY ELEMENTS (KOHA)
Source of classification or shelving scheme Library of Congress Classification
Koha item type Books
Call number prefix
Holdings
Withdrawn status Lost status Source of classification or shelving scheme Damaged status Home library Current library Shelving location Date acquired Source of acquisition Total Checkouts Full call number Barcode Date last seen Copy number Price effective from Koha item type
    Library of Congress Classification   Archives Archives   05/29/2013 Donation   BJ 98 .W746 1981 C1547 05/15/2018 1 05/29/2013 Books

Sons & Daughters of God

APA

(1981). Sons & Daughters of God. Michigan: Servant Books.

Chicago

1981. Sons & Daughters of God. Michigan: Servant Books.

Harvard

(1981). Sons & Daughters of God. Michigan: Servant Books.

MLA

Sons & Daughters of God. Michigan: Servant Books. 1981.

  • Place hold
  • Print
  • Cite
  • Add to your cart (remove)
  • Save record
    BIBTEX Dublin Core MARCXML MARC (non-Unicode/MARC-8) MARC (Unicode/UTF-8) MARC (Unicode/UTF-8, Standard) MODS (XML) RIS
  • More searches
    Search for this title in:
    Other Libraries (WorldCat) Other Databases (Google Scholar) Online Stores (Bookfinder.com) Open Library (openlibrary.org)

Exporting to Dublin Core...

SOUTHVILLE LIBRARY

Southville International School and Colleges Library

1281 Tropical Ave. Cor. Luxembourg St., BF Homes International, Las Pinas City

Tel. No. 8256374 / 252358 Loc. 117/146

Powered by Koha